000 01061nam a22001577a 4500
999 _c524822
_d524822
008 240118b ||||| |||| 00| 0 eng d
100 _aJain, Anurag
_948180
245 _aThe Jan Vishwas (Amendmentof provisions) act, 2023: Conception and development
260 _aYojana
300 _a68(1), Jan, 2024: p.7-10
520 _a“The main objective of the act is to decriminalize minor offences that do not involve any harm to the public interest or national security and replace them with civil penalties or administrative actions, minor technical, and procedural defaults not longer attract severs criminal consequences, reducing the burden on the justice system and putting adjudication of serious offences on the priority. Implementation of the Jan Vishwas act essentially means that majority cases originating from 183 portions across 42 acts would not longer be adjudged by the courts”- Reproduced
650 _aJan Vishwas Amendment of Provisions Bill 2023, Jan Vishwas Act 2023
_948181
773 _aYojana
906 _aLAWS
942 _cAR